Дело по прошению еврейки Якершберг об оказании ей пособия на воспитание ее детей

Доступно только в Электронных читальных залах Найти на картеНа карте
RUSMARC
00003504nmc2a2200000 x 450
001b46418b7-94bd-4147-a262-fa63aaf481e8
00520160706102617.0
100##$a20150804l18571857k l0rusy0189 ca
1010#$arus
102##$aRU
2001#$aДело по прошению еврейки Якершберг об оказании ей пособия на воспитание ее детей
$j15 января 1857 г.
251##$cДело
300##$aДело
801#0$aRU
$bРГИА
$c20150804
$gRCR
801#1$aRU
$bГлавНИВЦ
$c20150804
$2rusmarc
801#2$aRU
$bПБ им. Б.Н. Ельцина
$c20160706
$gRCR
$2rusmarc
850##$aРГИА
852##$aРГИА
$eФедеральное казенное учреждение "Российский государственный исторический архив" (РГИА)
$j104
937##$hРГИА
$d12048753
$aASBIBLIO_SCAN
462#0$10012b27dfda-2c9d-44cf-86d6-db2e6106e749
$12001
$aДела по еврейским казенным училищам за 1856-1862 гг.
$1251
$cОпись
$1852
$j98
461#0$1001a74412a3-3cc5-4d21-8f0a-dfe2fbd9e72d
$12001
$aДепартамент народного просвещения Министерства народного просвещения
$1251
$cФонд
$1852
$j733
215##$a5 л.
$d36,5x26 см
371##$aДокумент не является опубликованным и широко распространяемым
105##$aу###
1220#$ad
035##$ab46418b7-94bd-4147-a262-fa63aaf481e8
Формат отображения